Ricostruisci la Carriera del Calciatore - Fabrizio Ravanelli - Statistics

Statistiche generali
  • Questo quiz è stato fatto 4 volte
  • Il punteggio medio è 3 su 12
Statistiche sulle risposte
Hint Risposta % Corretto
1989-1990 Avellino
67%
2003-2004 Dundee
67%
1990 Casertana
33%
2001-2003 Derby County
33%
1992-1996 Juventus
33%
1996-1997 Middlesbrough
33%
1997-1999 Olympique Marsiglia
33%
1990 Avellino
0%
1999-2001 Lazio
0%
1986-1989 Perugia
0%
2004-2005 Perugia
0%
1990-1992 Reggiana
0%
Nessun quiz corrispondente trovato
Distribuzione punteggi
Percentuale di utenti per punteggio
Percentile per numero di risposta
I tuoi punteggi nel tempo
Non hai fatto questo quiz